Breath by breath: (Record no. 31120)

000 -LEADER
fixed length control field 00490nam a22001457a 4500
008 - FIXED-LENGTH DATA ELEMENTS--GENERAL INFORMATION
fixed length control field 220223b |||||||| |||| 00| 0 eng d
020 ## - INTERNATIONAL STANDARD BOOK NUMBER
International Standard Book Number 1570623503
050 ## - LIBRARY OF CONGRESS CALL NUMBER
Classification number BL 627 .R67 1998
100 ## - MAIN ENTRY--PERSONAL NAME
Personal name Rosenberg, Larry
245 ## - TITLE STATEMENT
Title Breath by breath:
Remainder of title the liberating practice of insight meditation/
Statement of responsibility, etc. Larry Resoberg; with David Guy
260 ## - PUBLICATION, DISTRIBUTION, ETC. (IMPRINT)
Place of publication, distribution, etc. Canada:
Name of publisher, distributor, etc. Shambhala Publications,
Date of publication, distribution, etc. 1998.
300 ## - PHYSICAL DESCRIPTION
Extent xvii,215p.:
Other physical details ill.;
Dimensions 22cm.
504 ## - BIBLIOGRAPHY, ETC. NOTE
Bibliography, etc Includes index.
942 ## - ADDED ENTRY ELEMENTS (KOHA)
Source of classification or shelving scheme
Call number suffix BL 627 .R67 1998
Koha item type Hard Covered Materials
Holdings
Withdrawn status Lost status Source of classification or shelving scheme Damaged status Not for loan Home library Current library Shelving location Date acquired Source of acquisition Cost, normal purchase price Total Checkouts Full call number Barcode Date last seen Price effective from Koha item type
          MACHAKOS UNIVERSITY LIBRARY MACHAKOS UNIVERSITY LIBRARY Open shelf 23/02/2022 Donation(Damaris Kimanzi) 1703.00   BL 627 .R67 1998 23880 23/02/2022 23/02/2022 Hard Covered Materials
© Machakos University Library, Along The Highway, Machakos Wote Rd, Machakos, Kenya P.O. Box 136 - 90100 Machakos - Kenya

Tel: ( +254 ) 723 805829 OR Fax : 044-20353 OR Email: library@mksu.ac.ke